| 000 | 00715nam a2200181Ia 4500 | ||
|---|---|---|---|
| 008 | 100920s9999 xx 000 0 und d | ||
| 082 |
_b87866 _a580 थ 49 |
||
| 100 | _aअनु.खाडिलकर प्र.ह./गांधी महात्मा. | ||
| 245 | _aस्त्रयिा व सामाजिक अन्याय. | ||
| 260 |
_bरत्नाकर प्रकाशन ,मिरज. _c1949 |
||
| 300 |
_a136 _bसाधी |
||
| 365 | _b3 | ||
| 520 | _aशाई. | ||
| 630 | _aस्त्रयिा व सामाजिक अन्याय. | ||
| 650 | _aशाई. | ||
| 730 | _aस्त्रयिा व सामाजिक अन्याय. | ||
| 942 | _cBOOK | ||
| 999 |
_c728374 _d728371 |
||